000 00390nam a22001457a 4500
003 PILC
005 20151008151323.0
008 151008b xxu||||| |||| 00| 0 eng d
050 _aQA 76.73.B3
_b.In61 2015
245 _aInternet programming /
260 _aUAE :
_b3G elearning,
_c2015.
300 _av, 260 pages :
_billustrations ;
_c26 cm.
650 _aInternet.
942 _2lcc
_cBK
_kFOR
999 _c288838
_d288838